ANO podporí predčasné voľby, ak premiér odvolá jej ministrov podpredseda alinacie Ľubomír Lintner na ...

Bibliographic Details
Main Authors: Slišková, Nora (ain), Lintner, Ľubomír, 1949- (Author, uin)
Format: Article
Language:Slovak
PhysicalDescription:Fotogr.
ISSN:1335-4051
Subjects:

MARC

LEADER 00000nab a2200000 a 4500
001 vtls000845803
003 SK-MaSNL
005 20260304010232.0
008 180207c2003 xo 0 slo
015 |a SNBRB2003/09-25432 
035 |a CLN000197458 
040 |a SNKBUCL  |b slo  |c SNKBUCL  |e AACR2 
041 0 |a slo 
044 |a xo  |c SK 
080 |a 329.051(437.6)  |2 UDC-MRF-SK2 
080 |a 329.12(437.6)ANO  |2 UDC-MRF-SK2 
100 1 |a Slišková, Nora  |4 ain  |9 266806 
214 1 0 |a Aliancia nového občana podporí predčasné voľby, ak premiér odvolá jej ministrov 
245 1 0 |a ANO podporí predčasné voľby, ak premiér odvolá jej ministrov  |b podpredseda alinacie Ľubomír Lintner na ...  |c [zhovárala sa] Nora Slišková 
246 1 3 |a Aliancia nového občana podporí predčasné voľby, ak premiér odvolá jej ministrov 
300 |b Fotogr. 
610 2 7 |a Aliancia nového občana (politická strana)  |2 SNKKA  |9 228570 
650 0 7 |a politické strany  |2 SNKPH  |9 3589 
650 0 7 |a kresťanskodemokratické strany  |2 SNKPH  |9 3599 
655 7 |a články z novín a časopisov  |2 snkbucl  |9 267496 
700 1 |a Lintner, Ľubomír,  |d 1949-  |4 aut  |4 uin  |9 25991 
773 0 |x 1335-4051  |t Pravda  |g Roč. 13, č. 176 (1.8.2003), s. 1 a 4 
850 |a Slovenská národná knižnica v Martine 
852 |a SNK  |b KIS3GCP 
958 |a RBX 
999 |c 2559913  |d 2561843